Cardiomecánica / (Record no. 107827)

MARC details
000 -LEADER
campo de control de longitud fija 00679nam a2200193 4500
001 - NÚMERO DE CONTROL
campo de control 107827
003 - IDENTIFICADOR DE NÚMERO DE CONTROL
campo de control ES-MaACL
005 - FECHA Y HORA DE LA ÚLTIMA TRANSACCIÓN
campo de control 20230906184512.0
007 - CAMPO FIJO DE DESCRIPCIÓN FÍSICA--INFORMACIÓN GENERAL
campo de control de longitud fija t|
008 - DATOS DE LONGITUD FIJA--INFORMACIÓN GENERAL
campo de control de longitud fija 061121s1966 sp r ||||1| spa d
100 1# - ENTRADA PRINCIPAL--NOMBRE DE PERSONA
Nombre de persona Moulopoulos, Spyridon D.
9 (RLIN) 83867
245 10 - MENCIÓN DEL TÍTULO
Título Cardiomecánica /
Mención de responsabilidad, etc. Spyridon D. Moulopoulos; prólogo Willem J. Kolff; prólogo a la edición española José Mª Manzanares; versión de R. Lozano Guillén.
260 ## - PUBLICACIÓN, DISTRIBUCIÓN, ETC.
Lugar de publicación, distribución, etc. Madrid :
Nombre del editor, distribuidor, etc. Alhambra,
Fecha de publicación, distribución, etc. 1966.
300 ## - DESCRIPCIÓN FÍSICA
Extensión 216 p. :
Otras características físicas il. ;
Dimensiones 22 cm.
700 1# - ENTRADA AGREGADA--NOMBRE PERSONAL
Nombre de persona Kolff, Willem J.
9 (RLIN) 68513
700 1# - ENTRADA AGREGADA--NOMBRE PERSONAL
Nombre de persona Manzanares, José María.
9 (RLIN) 76199
700 1# - ENTRADA AGREGADA--NOMBRE PERSONAL
Nombre de persona Lozano Guillén, R.
9 (RLIN) 74446
852 ## - LOCALIZACIÓN
Ubicación ES-MaACL
Número de control de estantería C-29703
Sublocalización o colección R.60085
Holdings
Estatus retirado Estado de pérdida Estado de daño No para préstamo Biblioteca de origen Biblioteca actual Ubicación en estantería Fecha de adquisición Fuente de adquisición Total de préstamos Signatura topográfica completa Código de barras Visto por última vez Precio de reemplazo Tipo de ítem Koha
        Biblioteca del Ateneo de Madrid Biblioteca del Ateneo de Madrid Depósito 2 17/01/2008     C-29703 1112531 23/02/2023 23/02/2023 Libro impreso